000 00355cam a2200145ua 4500
041 _amal
_h
082 _a894.8121
_bSAN/PA
100 _aSankaraKurup, G.
245 _aPathikanthe pattu /
_cSankarakurup G.
_hTextual Documents
260 _aThrissur :
_bCurrent Books ,
_c1964.
300 _a95 ; .
504 _a
942 _cBK
999 _c12359
_d12359